00312nam a2200109Ia 4500008004100000082000800041100001300049245002400062942000600086952009500092999001500187240331s9999 xx 000 0 und d bSTE aSteel, D 0aFive Days in Paris  cL 001040708LaWERCLbWERCLcSSCd2024-03-31l0o 823 STEp6796r2024-03-31w2024-03-31yL c5802d5802